| 000 | 00698nam a2200229Ia 4500 | ||
|---|---|---|---|
| 003 | SISC | ||
| 005 | 20170613101812.0 | ||
| 008 | 140611s9999 xx 000 0 und d | ||
| 020 | _a9789814369817 | ||
| 020 | _a9874369810 | ||
| 050 |
_aLC 3993.22 _b.T673p1A 2012 |
||
| 110 | _aConfucius Institute | ||
| 245 |
_aTop Chinese enrichment programme 1A (primary) / _cConfucius Institute |
||
| 260 |
_aSingapore : _bCengage Learning Asia Pte Ltd, _cc2012. |
||
| 300 |
_a124 p. : _billustrations ; _c26 cm. |
||
| 650 |
_aChinese language _xStudy and teachings |
||
| 710 | _aConfucius Institute | ||
| 800 |
_aKiat, Koh Hock _cseries editor |
||
| 942 |
_2lcc _cBK |
||
| 999 |
_c118393 _d118393 |
||